The History of the Most Renowned Don Quixote of Mancha and his Trusty Squire Sancho Pancha (Record no. 2921)

MARC details
000 -CABECERA
campo de control de longitud fija 02219nam a2200337 a 4500
001 - NÚMERO DE CONTROL
campo de control BRCA_3185
005 - FECHA Y HORA DE LA ÚLTIMA TRANSACCIÓN
campo de control 20190320204143.0
008 - DATOS DE LONGITUD FIJA--INFORMACIÓN GENERAL
campo de control de longitud fija 160209s1687----enka---###---#000-0#eng-u
041 ## - CÓDIGO DE LENGUA
Código de lengua del texto/banda sonora o título independiente eng
044 ## - CÓDIGO DEL PAÍS DE LA ENTIDAD EDITORA/PRODUCTORA
Código MARC del país enk
084 ## - OTRO NÚMERO DE CLASIFICACIÓN
Número de clasificación 486
Número de documento/Ítem .H63
-- 1687
100 1# - ENTRADA PRINCIPAL--NOMBRE DE PERSONA
Nombre de persona Cervantes Saavedra, Miguel de
Fechas asociadas al nombre 1547-1616
9 (RLIN) 213
245 10 - MENCIÓN DE TÍTULO
Título The History of the Most Renowned Don Quixote of Mancha and his Trusty Squire Sancho Pancha
Mención de responsabilidad, etc. Miguel de Cervantes.
260 ## - PUBLICACIÓN, DISTRIBUCIÓN, ETC.
Lugar de publicación, distribución, etc. Londres
Nombre del editor, distribuidor, etc. Tho. Hodgkin
Fecha de publicación, distribución, etc. 1687
300 ## - DESCRIPCIÓN FÍSICA
Extensión 1 v. (en varias paginaciones)
Otras características físicas il.
Dimensiones 33 cm.
500 ## - NOTA GENERAL
Nota general Contenido : Primera parte. Prefacio del traductor. Casi todos los versos preliminares. Texto. Segunda parte. 6 poesías dedicadas a D.Q., Dulcinea y Sancho. Texto
500 ## - NOTA GENERAL
Nota general Edición : Now Made English According to the Humour of our Moder Language and Adorned With Several Copper Plates
500 ## - NOTA GENERAL
Nota general Traducción libre de Philips quien suprimió tantos episodios y pasajes que el texto quedó completamente desfigurado. Una de las libertades que se tomó es la del capítulo XV, donde el traductor supone que D. Quijote, olvidando a Dulcinea, se enamora de Marcela. Ha sustituido, además, muchos nombres de personajes y lugares de la novela por lugares y nombres ingleses; otras veces añade nombres mitológicos, y otras inserta muchos epítetos, y aun frases bajas y groseras. Es, en suma, una traducción atrevida y desdichada que merece la más severa censura. La parte tipográfica y artística es, en cambio, bastante buena. Las láminas anónimas que adornan esta edición son las primeras que aparecieron en las ediciones inglesas del Quijote. Piel Lúdovik Osterc
500 ## - NOTA GENERAL
Nota general Estado físico : Encuadernación y lomo superios desprendidos
500 ## - NOTA GENERAL
Nota general Con ex-libris de : Frederick S. Pick
500 ## - NOTA GENERAL
Nota general QM401
546 ## - NOTA DE LENGUA/LENGUAJE
Nota de lengua/lenguaje Texto en : inglés
650 14 - PUNTO DE ACCESO ADICIONAL DE MATERIA--TÉRMINO DE MATERIA
Término de materia o nombre geográfico como elemento de entrada Novela española
Subdivisión cronológica Época clásica, 1500-1700
9 (RLIN) 215
650 14 - PUNTO DE ACCESO ADICIONAL DE MATERIA--TÉRMINO DE MATERIA
Término de materia o nombre geográfico como elemento de entrada Literatura española
Subdivisión cronológica Época clásica, 1500-1700
9 (RLIN) 216
650 14 - PUNTO DE ACCESO ADICIONAL DE MATERIA--TÉRMINO DE MATERIA
Término de materia o nombre geográfico como elemento de entrada Novela española
Subdivisión cronológica Siglo XVII
9 (RLIN) 217
650 14 - PUNTO DE ACCESO ADICIONAL DE MATERIA--TÉRMINO DE MATERIA
Término de materia o nombre geográfico como elemento de entrada Don Quijote (Personaje ficticio)
Término indicativo de función/relación Novela
9 (RLIN) 218
700 1# - PUNTO DE ACCESO ADICIONAL--NOMBRE DE PERSONA
Nombre de persona Phillips,John
Fechas asociadas al nombre 1631-1706
Término indicativo de función/relación Traductor
9 (RLIN) 8557
740 0# - PUNTO DE ACCESO ADICIONAL--TÍTULO RELACIONADO O ANALÍTICO NO CONTROLADO
Título relacionado o analítico no controlado El Ingenioso Hidalgo Don Quijote de la Mancha
902 ## - CATALOGADOR
Iniciales QFM
942 ## - ELEMENTOS DE PUNTO DE ACCESO ADICIONAL (KOHA)
Fuente del sistema de clasificación o colocación Library of Congress Classification
Tipo de ítem Koha Libros
Holdings
Estado de retiro Estado de pérdida Estado dañado No para préstamo Localización permanente Ubicación/localización actual Fecha de adquisición Número de inventario Total de préstamos Signatura topográfica completa Código de barras Fecha visto por última vez Precio válido a partir de Tipo de ítem Koha
El ejemplar forma parte de la colección y puede ser consultado según las políticas vigentes.       Biblioteca del Museo Franz Mayer (Rogerio Casas-Alatriste) Biblioteca del Museo Franz Mayer (Rogerio Casas-Alatriste) 16/02/2009 QM401   486 .H63 1687 (QM401) 3182 22/03/2019 22/03/2019 Libros